The study medicinal plants in processing of whisky, ការសិក្សាលើរុក្ខជាតិឳសថក្នុងការកែច្នៃស្រាវីស្គី (Record no. 24595)

000 -LEADER
fixed length control field 00570nam a22001337a 4500
040 ## - CATALOGING SOURCE
Transcribing agency RUA
082 ## - DEWEY DECIMAL CLASSIFICATION NUMBER
Classification number AGI KHO 2024 B1.342 Or.1
100 ## - MAIN ENTRY--AUTHOR NAME
Personal name KHORN RAVY , ខន រ៉ាវី
245 ## - TITLE STATEMENT
Title The study medicinal plants in processing of whisky, ការសិក្សាលើរុក្ខជាតិឳសថក្នុងការកែច្នៃស្រាវីស្គី
260 ## - PUBLICATION, DISTRIBUTION, ETC. (IMPRINT)
Place of publication PHNOM PENH
Name of publisher RUA
Year of publication 2024
300 ## - PHYSICAL DESCRIPTION
Number of Pages ix,
Other physical details ill,
Dimensions 29cm,
856 ## - ELECTRONIC LOCATION AND ACCESS
Uniform Resource Identifier https://drive.google.com/file/d/1vl8Xy91ddGgCi3Jo4c-wM_aYaYQvALww/view?usp=sharing
942 ## - ADDED ENTRY ELEMENTS (KOHA)
Koha item type AGI
952 ## - LOCATION AND ITEM INFORMATION (KOHA)
Withdrawn status [LOCAL, KOHA] 0
952 ## - LOCATION AND ITEM INFORMATION (KOHA)
Withdrawn status [LOCAL, KOHA] 0
Holdings
Permanent Location Date acquired Koha item type Lost status Shelving location Barcode Current Location Full call number
Library Block B2025-04-18AGI B1.342A083203Library Block BAGI KHO 2024 B1.342 Or.1
Library Block B2025-04-18AGI B1.342A082803Library Block BAGI KHO 2024 B1.342 Or.2
មជ្ឈមណ្ឌលឯការនៃសាកលវិទ្យាល័យភូមិន្ទកសិកម្មចំការដូង

Powered by Koha